Odd But True Facts VII Quiz Stats

 Plays Quiz Updated Feb 23, 2016

Challenge
Share
Tweet
Embed
Score 0/25 Timer 07:00
22 Plays Today
% Correct
blue
96.3%
Ebola
93.8%
used car salesman
93.7%
dynamite
90.8%
fridge magnet
90.2%
Disney World
88.6%
a Superman T-shirt
87.8%
the crowd
87.5%
playing squash
87.5%
gift shop
86.8%
ice cream
85.6%
polar bear costumes
85.6%
dead plant
84.5%
% Correct
'chimney sweep's scrotum'
83.8%
the general direction of Italy
83.4%
robotic bottom
82.6%
imaginary friends
79.4%
how to tightrope walk
79.2%
musk from the 'bottom' glands of cats
79%
bears
73.4%
Butch Cassidy's grandfather
72.3%
the pistil
69.6%
blue fireworks
69.3%
South African art
64.5%
glove puppets
42.1%

You're not logged in!

Compare scores with friends on all Sporcle quizzes.
OR
Log In

You Might Also Like...

Show Comments

Extras

Top Quizzes Today


Score Distribution

Your Account Isn't Verified!

In order to create a playlist on Sporcle, you need to verify the email address you used during registration. Go to your Sporcle Settings to finish the process.

Report this User

Report this user for behavior that violates our Community Guidelines.

Details: